Relación entre la violencia intrafamiliar y el bajo rendimiento académico entre los adolescentes internos del Colegio Adventista Dominicano en el año escolar 2009-2010 (Record no. 3693)
[ view plain ]
| 000 -LEADER | |
|---|---|
| campo de control de longitud fija | 02917nam a2200553Ia 4500 |
| 001 - NÚMERO DE CONTROL | |
| campo de control | 3936 |
| 008 - DATOS DE LONGITUD FIJA--INFORMACIÓN GENERAL | |
| campo de control de longitud fija | 241029s9999 xx 000 0 und d |
| 010 ## - NÚMERO DE CONTROL DE LA BIBLIOTECA DEL CONGRESO | |
| Número de control de LC | 3693 |
| 041 ## - CÓDIGO DE IDIOMA | |
| Código de lengua del texto/banda sonora o título independiente | Español |
| 082 ## - NÚMERO DE LA CLASIFICACIÓN DECIMAL DEWEY | |
| Número de clasificación | BUNEVS M T F L 49 2009 |
| 245 #0 - MENCIÓN DEL TÍTULO | |
| Título | Relación entre la violencia intrafamiliar y el bajo rendimiento académico entre los adolescentes internos del Colegio Adventista Dominicano en el año escolar 2009-2010 |
| 260 ## - PUBLICACIÓN, DISTRIBUCIÓN, ETC. | |
| Lugar de publicación, distribución, etc. | Santiago |
| 300 ## - DESCRIPCIÓN FÍSICA | |
| Extensión | 80 |
| 520 ## - RESUMEN, ETC. | |
| Sumario, etc. | 27 |
| 520 ## - RESUMEN, ETC. | |
| Sumario, etc. | El estudio se planteó como objetivos principales analizar el trasfondo histórico y legislativo de las principales entidades mundiales con respecto a la violencia familiar y definir violencia familiar desde el punto de vista de su alcance. La investigación es descriptiva y se fundamentó en los métodos de la entrevista y la encuesta. Como instrumento se utilizó un cuestionario, que le fue aplicado a una muestra de 20 estudiantes.Entre las principales conclusiones de la investigación se destaca que a partir de 1975 con el abrumador aumento de los índices de la violencia intrafamiliar en todos los países del mundo, se tomaron medidas importantes con la formación de múltiples comisiones que se encargaron de crear investigaciones y legislaciones para proponerlas a los gobiernos y tratar de reducir los altos índices de violencia intrafamiliar, además se destaca que la violencia intrafamiliar es toda acción y omisión cometida por algún/a miembro de la familia abusando de su poder o influencia y que perjudica a los demás de manera psicológica y física.La investigación sugiere que se creen programas de investigación en las comunidades, no sólo a nivel gubernamental y legislativo, sino en los barrios, juntas de vecinos a fin de enseñar todos los derechos y los métodos de disciplina que son de ayuda para éstos. |
| 630 ## - PUNTO DE ACCESO ADICIONAL DE MATERIA--TÍTULO UNIFORME | |
| Título uniforme | Redimiento académico |
| 630 ## - PUNTO DE ACCESO ADICIONAL DE MATERIA--TÍTULO UNIFORME | |
| Título uniforme | Violencia Intrafamiliar |
| 650 ## - PUNTO DE ACCESO ADICIONAL DE MATERIA--TÉRMINO DE MATERIA | |
| Término de materia o nombre geográfico como elemento de entrada | Terapia Familiar |
| 690 ## - PUNTO DE ACCESO ADICIONAL DE MATERIA LOCAL--TÉRMINO DE MATERIA (OCLC, RLIN) | |
| Término de materia o nombre geográfico como elemento inicial | Elaborado |
| 700 ## - ENTRADA AGREGADA--NOMBRE PERSONAL | |
| Término indicativo de función/relación | asesor |
| Nombre de persona | Ãlvarez, Martha |
| 700 ## - ENTRADA AGREGADA--NOMBRE PERSONAL | |
| Término indicativo de función/relación | autor |
| Nombre de persona | González, Nellys Peña |
| 700 ## - ENTRADA AGREGADA--NOMBRE PERSONAL | |
| Término indicativo de función/relación | autor |
| Nombre de persona | Contreras, Alfa Lizardo |
| 700 ## - ENTRADA AGREGADA--NOMBRE PERSONAL | |
| Término indicativo de función/relación | asesor |
| Nombre de persona | Reyes, Rafael |
| 901 ## - ELEMENTOS DE DATOS A LOCAL LDA (RLIN) | |
| a | {"1":"González","2":"Contreras"} |
| b | {"1":"Nellys Peña ","2":"Alfa Lizardo"} |
| 902 ## - ELEMENTOS DE DATOS B LOCAL, LDB (RLIN) | |
| a | 2 |
| 903 ## - ELEMENTOS DE DATOS C LOCAL, LDC (RLIN) | |
| a | {"1":"Reyes","2":"Ãlvarez"} |
| b | {"1":"Rafael","2":"Martha"} |
| 904 ## - ELEMENTOS DE DATOS D LOCAL, LDD (RLIN) | |
| a | Maestría en |
| 905 ## - ELEMENTOS DE DATOS E LOCAL, LDE (RLIN) | |
| a | Terapia Familiar |
| 906 ## - ELEMENTOS DE DATOS F LOCAL, LDF (RLIN) | |
| a | 2 |
| 907 ## - ELEMENTOS DE DATOS G LOCAL, LDG (RLIN) | |
| a | NO APLICA |
| 908 ## - COLOCAR PARÁMETRO DE COMANDO (RLIN) | |
| Colocar parámetro de comando | NO APLICA |
| 909 ## - | |
| -- | Universidad Nacional Evangélica (UNEV), Recinto Santo Domingo |
| 910 ## - DATOS DE OPCIÓN DEL USUARIO (OCLC) | |
| Datos de opción del usuario | NULL |
| -- | NULL |
| 911 ## - EQUIVALENCIA O REFERENCIA-CRUZADA-NOMBRE DE CONFERENCIA O REUNIÓN/CONGRESO [LOCAL, CANADÁ] | |
| Nombre de congreso/reunión o jurisdicción como elemento de entrada | ["1"] |
| 912 ## - | |
| -- | NO APLICA |
| 913 ## - | |
| -- | NULL |
| 914 ## - | |
| -- | 02 de Noviembre de 2009 |
| 915 ## - | |
| -- | 01/10/14 11:10 |
| 916 ## - | |
| -- | NULL |
| 917 ## - | |
| -- | NULL |
| 918 ## - | |
| -- | NO APLICA |
| 919 ## - | |
| -- | ["242","198"] |
| 921 ## - | |
| -- | 11 |
| 922 ## - | |
| -- | 11 |
| 923 ## - | |
| -- | 0 |
| 924 ## - | |
| -- | NO APLICA |
| 942 ## - ELEMENTOS DE ENTRADA SECUNDARIOS (KOHA) | |
| Tipo de ítem Koha | |
No items available.